000
00214nam a2200109Ia 4500
100
_a
#N/A
942
_c
BK
654
_a
interactive
245
_a
Interactive computer graphics
260
_b
#N/A
546
_a
ENGLISH
999
_c
33403
_d
33403